Представление документа в формате MARC21

ПолеНазваниеЗначение
  Тип записи a
  Библиографический уровень m
001 Контрольный номер RU\infra-m\znanium\bibl\2215381
005 Дата корректировки 20260429142135.2
008 Кодируемые данные 251203s2025 RU g rus u
020 Индекс ISBN __
a ISBN 978-5-16-015668-2
020 Индекс ISBN __
a ISBN 978-5-16-108057-3 (электр. издание)
040 Источник каталогиз. __
a Служба первич. каталог. Общество с ограниченной ответственностью «ЗНАНИУМ»
041 Код языка издания __
a Код языка текста rus
044 Код страны публикации __
a Код страны публикации RU
080 Индекс УДК __
a Индекс УДК 69+658(075.32)
084 Индекс другой классификации/Индекс ББК __
2 Источник индекса rubbk
a Индекс другой классификации/Индекс ББК 38.6я723
084 Индекс другой классификации/Индекс ББК __
2 Источник индекса okso
a Индекс другой классификации/Индекс ББК 08.02.01
084 Индекс другой классификации/Индекс ББК __
2 Источник индекса okso
a Индекс другой классификации/Индекс ББК 08.02.02
084 Индекс другой классификации/Индекс ББК __
2 Источник индекса okso
a Индекс другой классификации/Индекс ББК 08.02.03
084 Индекс другой классификации/Индекс ББК __
2 Источник индекса okso
a Индекс другой классификации/Индекс ББК 08.02.04
084 Индекс другой классификации/Индекс ББК __
2 Источник индекса okso
a Индекс другой классификации/Индекс ББК 08.02.08
084 Индекс другой классификации/Индекс ББК __
2 Источник индекса okso
a Индекс другой классификации/Индекс ББК 08.02.12
100 Автор __
a Автор Лебедев В.М.
q Полное имя Лебедев Владимир Михайлович
u Дополнение Белгородский государственный технологический университет им. В.Г. Шухова
245 Заглавие __
a Заглавие Технология и организация строительного производства
b Продолж. заглавия Учебное пособие
c Ответственность Белгородский государственный технологический университет им. В.Г. Шухова
250 Сведения об издании __
a Основные сведения об издании 1
260 Выходные данные __
a Место издания Москва
b Издательство ООО "Научно-издательский центр ИНФРА-М"
c Дата издания 2026
300 Физическое описание __
a Объем 282 с.
440 Серия __
a Серия Среднее профессиональное образование
520 Аннотация __
a Аннотация В учебном пособии изложены основы технологии и организации строительного производства. Рассмотрены способы производства основных общестроительных и монтажных работ на возведении городских объектов с обеспечением требований охраны труда и окружающей среды. Освещены состав содержание и принципы проектов организации строительства и проектов производства работ. Изложена методика проектирования технологических карт строительных генеральных планов календарных и сетевых графиков приведена терминология. Предназначено для студентов среднего профессионального образования обучающихся по направлению подготовки «Строительство».
521 Примеч. о цел. назн. __
a Примеч. о целев. назн. Среднее профессиональное образование
650 Тематические рубрики __
a Основная рубрика Строительство
x Основная подрубрика Организация строительного производства
655 Указ. предметных рубрик (устаревшее) __
a Жанр/ форма (устаревшее) Учебное пособие
856 Электронный адрес документа 4_
a Имя сервера/домена znanium.ru
m Помощь ebs_support@infra-m.ru
n Местонахождение сервера НИЦ ИНФРА-М
u URL https://znanium.ru/catalog/document?id=467397
856 Электронный адрес документа 48
a Имя сервера/домена znanium.ru
d Путь /cover/2215
f Электронное имя 2215381.jpg
q Тип электронного формата image/jpeg
u URL https://znanium.ru/cover/2215/2215381.jpg
911 __
u 0030=https://znanium.ru/catalog/document?id=467397